000 00304nam a22001337a 4500
008 171017b xxu||||| |||| 00| 0 eng d
020 _a9781565845985
041 _aeng
080 _a331.101.262
100 _a52
101 _aBNJ
245 _aTHE CONSUMER SOCIETY READER
_cSCHOR,J,B
942 _2udc
_cBK
999 _c34297
_d34297